| 000 | 01638cam a22004694i 4500 | ||
|---|---|---|---|
| 003 | PE-LiUPU | ||
| 005 | 20250731173452.0 | ||
| 008 | 150616s1991 r 000 0 eng d | ||
| 035 | _a(Sirsi) a6492 | ||
| 040 |
_aPE-LiUPU _bspa _cPE-LiUPU _erda |
||
| 049 | _aPRUA | ||
| 082 | 0 | 4 |
_a227.306 _bM95 _221 |
| 100 | 1 |
_aMurphy-O'connor, Jerome, _eautor. |
|
| 245 | 1 | 4 |
_aThe Theology of the Second Letter to the Corinthians / _cJerome Murphy-O'connor. |
| 264 | 1 |
_aCambridge : _bCambridge University Press, _c1991. |
|
| 300 |
_a166 páginas ; _c21 centímetros |
||
| 336 |
_atext _2rdacontent |
||
| 337 |
_aunmediated _2rdamedia |
||
| 338 |
_avolume _2rdacarrier |
||
| 490 | 0 | _aNew Testament Theology | |
| 505 | 0 | _aIntroduction -- The letters -- Then and now -- Corintios. | |
| 526 | _aSEG42 | ||
| 526 | _aSEG41 | ||
| 526 | _aSEG40 | ||
| 526 | _aSEG39 | ||
| 526 | _aP94 | ||
| 526 | _aP87 | ||
| 526 | _aP86 | ||
| 526 | _aP85 | ||
| 526 | _aP77 | ||
| 526 | _aP76 | ||
| 526 | _aP35 | ||
| 630 |
_aBiblia. _pN.T. _pCorintios II _xCrítica, interpretación, etc. |
||
| 630 |
_aBiblia. _pN.T. _pCorintios II _xTEOLOGIA. |
||
| 910 |
_ajck _bjvq _cjck |
||
| 942 |
_2ddc _cBOOK |
||
| 949 |
_a227.306 M95 _wDEWEY _c1 _i39857 _lCCODEBUL1 _mBUL _p00.00 _r0 _sY _tBOOK _u19951120 _xTEOLOGIA _zUNKNOWN _0COMPRA _o.STAFF. Colección Teología |
||
| 994 |
_aC0 _bPEPRU |
||
| 596 | _a1 | ||
| 999 |
_a227.306 M95 _wDEWEY _c57631 _i39857 _d57631 _e2016-8-29 _f2021-11-9 _g5 _lCCODEBUL1 _mBUL _n1 _p30.00 _r0 _sY _tBOOK _u2015-6-16 _xTEOLOGIA _PP35 _0COMPRA _o.STAFF. Colección Teología |
||
| 980 |
_81 _gALBERTO SANCHEZ Responsable de Automatización |
||